[Event "AUTO-MASTER-1603"]
[Site "http://www.queenalice.com/game.php?id=1036732"]
[Date "2012.3.6"]
[Round "1"]
[White "Alexandrovinsk"]
[Black "jjlamanga"]
[Result "0-1"]
[WhiteElo "2082"]
[BlackElo "2299"]

1. c4 e5 2. Nc3 Nc6 3. g3 g6 4. Bg2 Bg7 5. Nf3 f5 6. d3 Nf6 7. O-O O-O 8. a3 d6
9. Qc2 a6 10. b4 e4 11. Ne1 Nd4 12. Qb2 c6 13. e3 Ne6 14. d4 d5 15. c5 b6 16.
cxb6 Qxb6 17. Na4 Qc7 18. Bd2 a5 19. Nc5 Nxc5 20. bxc5 Ba6 21. Nc2 Rfb8 22. Qc3
Bxf1 23. Bxf1 Nd7 24. a4 Qb7 0-1

[Event "AUTO-MASTER-1603"]
[Site "http://www.queenalice.com/game.php?id=1036733"]
[Date "2012.3.6"]
[Round "1"]
[White "jjlamanga"]
[Black "Alexandrovinsk"]
[Result "1-0"]
[WhiteElo "2302"]
[BlackElo "2079"]

1. d4 Nf6 2. c4 c5 3. d5 b5 4. cxb5 a6 5. bxa6 Bxa6 6. Nc3 g6 7. g3 Bg7 8. Bg2
d6 9. Nf3 O-O 10. O-O Nbd7 11. Rb1 Rb8 12. Re1 Ne8 13. Ra1 Qa5 14. Qc2 Nc7 15.
Bd2 Qb4 16. Rab1 Qb7 17. e4 Nb6 18. b3 Nb5 19. Nxb5 Bxb5 20. Bc3 Qa6 21. Bxg7
Kxg7 22. Qd2 Ra8 23. a4 Bd7 24. e5 c4 25. Qd4 Kg8 26. e6 Bc8 27. Qh4 f6 28. Qh6
Bb7 29. Re4 g5 30. Nh4 Kh8 31. Ng6+ Kg8 32. Nxe7+ Kh8 33. Nf5 1-0

[Event "AUTO-ELITE-937"]
[Site "http://www.queenalice.com/game.php?id=1037470"]
[Date "2012.3.9"]
[Round "1"]
[White "jjlamanga"]
[Black "WeirdGoblin"]
[Result "1-0"]
[WhiteElo "2364"]
[BlackElo "2158"]

1. d4 Nf6 2. Nf3 d5 3. c4 e6 4. Nc3 Bb4 5. Bg5 c6 6. Qc2 Nbd7 7. cxd5 exd5 8. e3
O-O 9. Bd3 h6 10. Bh4 Re8 11. O-O Be7 12. Bg3 Nf8 13. h3 Bd6 14. Bxd6 Qxd6 15.
Rac1 Ne6 16. Ne2 Ng5 17. Ne5 Nfe4 18. h4 Nh7 19. Bxe4 dxe4 20. Qxe4 Be6 21. Qc2
Qe7 22. h5 Nf6 23. Nf4 Ng4 24. Nxg4 Bxg4 25. Qa4 Qh4 26. Rc5 a6 27. Qb3 Rab8 28.
a4 Kf8 29. d5 Re5 30. Rxc6 Bxh5 31. Rc2 1-0

[Event "AUTO-ELITE-937"]
[Site "http://www.queenalice.com/game.php?id=1037471"]
[Date "2012.3.9"]
[Round "1"]
[White "WeirdGoblin"]
[Black "jjlamanga"]
[Result "0-1"]
[WhiteElo "2141"]
[BlackElo "2386"]

1. d4 d5 2. Nf3 Nf6 3. c4 dxc4 4. e3 e6 5. Bxc4 c5 6. O-O a6 7. a4 Nc6 8. Qe2
Qc7 9. Nc3 Be7 10. Rd1 O-O 11. h3 Rd8 12. b3 cxd4 13. exd4 Na5 14. Bb2 h6 15.
Ne5 b6 16. Rac1 Nxc4 17. Nxc4 Bb7 18. Ne5 Qb8 19. d5 exd5 20. Nf3 Re8 21. Qd3
Bf8 22. Re1 Qd6 23. Ne2 Ne4 24. Ned4 Qf6 25. Rc2 Rac8 26. Rec1 Qd6 27. Nf5 Qd7
28. N3d4 g6 29. Ne3 Bg7 30. Rxc8 Rxc8 31. Rxc8+ Qxc8 32. Ng4 Qc5 0-1

[Event "AUTO-ELITE-937"]
[Site "http://www.queenalice.com/game.php?id=1037472"]
[Date "2012.3.9"]
[Round "1"]
[White "jjlamanga"]
[Black "merth"]
[Result "1/2-1/2"]
[WhiteElo "2382"]
[BlackElo "2507"]

1. d4 Nf6 2. c4 c5 3. d5 g6 4. Nc3 d6 5. e4 Bg7 6. Bd3 Nbd7 7. f4 O-O 8. Nf3 Nb6
9. O-O Bg4 10. Qb3 Bxf3 11. Rxf3 a6 12. h3 Rb8 13. Kh2 Nbd7 14. a3 Nh5 15. g4
Nhf6 16. Bd2 Ne8 17. Kg2 Bd4 18. g5 Qc7 19. Re1 Ng7 20. Rff1 e5 21. dxe6 fxe6
22. Be2 Rf7 23. Bg4 Rbf8 24. Qc2 Qc6 25. Ne2 Kh8 26. b4 e5 27. f5 gxf5 28. b5
axb5 29. cxb5 Qxb5 30. exf5 c4 31. h4 Bc5 32. h5 Qc6+ 33. Kh3 d5 34. h6 Ne8 35.
Bh5 Re7 36. a4 Nef6 37. gxf6 Nxf6 38. Ng3 Rg8 39. Bd1 e4 40. Bf4 Bb4 41. Re2 Bd6
42. Qc3 Bxf4 43. Rxf4 d4 44. Qxd4 Rd7 45. Qe5 Rd5 46. Qe6 Rxd1 47. Qxc6 bxc6 48.
Nxe4 Rd3+ 49. Kh4 Rd4 50. Kh3 Nd5 51. Rff2 c3 52. f6 Rf8 53. Re1 Rd3+ 54. Ng3 c2
55. Rxc2 Nxf6 56. Rf1 Rg8 57. Rxf6 Rdxg3+ 58. Kh2 R3g4 59. Kh3 Rg3+ 60. Kh4
R3g4+ 61. Kh3 Rg3+ 1/2-1/2

[Event "AUTO-ELITE-937"]
[Site "http://www.queenalice.com/game.php?id=1037473"]
[Date "2012.3.9"]
[Round "1"]
[White "merth"]
[Black "jjlamanga"]
[Result "1/2-1/2"]
[WhiteElo "2507"]
[BlackElo "2370"]

1. e4 c6 2. d4 d5 3. e5 c5 4. Nf3 Bg4 5. dxc5 Nc6 6. c3 e6 7. Bf4 Bxc5 8. b4 Bb6
9. h3 Bxf3 10. Qxf3 Nge7 11. b5 Nb8 12. Bd3 Qc7 13. O-O Nd7 14. Qh5 Nc5 15. Bc2
Ng6 16. Bh2 O-O 17. Qe2 Rac8 18. Kh1 Qd8 19. a4 Ba5 20. Qe3 Nd7 21. f4 Qc7 22.
Rf3 Nh4 23. Rg3 Nc5 24. Bg1 f6 25. exf6 Rxf6 26. Nd2 Qxf4 27. Qe1 Ng6 28. Rd1
Qe5 29. Re3 Qc7 30. Nf3 Qd6 31. Bh2 Qd8 32. Re2 h6 33. Ne5 Nf4 34. Re3 Bc7 35.
c4 Ba5 36. Qg3 Bc7 37. Qe1 Bxe5 38. Rxe5 Qf8 39. Bxf4 Rxf4 40. cxd5 Nd7 41. Re4
Rxc2 42. dxe6 Rf3 43. Re3 Rxe3 44. Qxe3 Nf6 45. e7 Qf7 46. Rd8+ Ne8 47. Rxe8+
Qxe8 48. Qb3+ Kh8 49. Qxc2 Qxe7 50. Qc8+ Kh7 51. Qc2+ g6 52. Qf2 1/2-1/2

[Event "AUTO-ELITE-890"]
[Site "http://www.queenalice.com/game.php?id=1096083"]
[Date "2012.8.24"]
[Round "2"]
[White "jjlamanga"]
[Black "Chandra"]
[Result "0-1"]
[WhiteElo "2393"]
[BlackElo "2612"]

1. d4 Nf6 2. Nf3 d5 3. c4 e6 4. Nc3 c5 5. cxd5 exd5 6. Bg5 Nc6 7. Bxf6 gxf6 8.
dxc5 d4 9. Ne4 Bf5 10. Nfd2 Be6 11. g4 h5 12. gxh5 f5 13. Nd6+ Bxd6 14. cxd6 Bd5
15. Rg1 Qxd6 16. Qc2 Qf4 17. Rc1 O-O-O 18. Qd3 Rxh5 19. h3 Qe5 20. a3 Kb8 21. b4
a6 22. Rc5 Qf6 23. b5 axb5 24. Rxb5 f4 25. Rb6 Qe7 26. Kd1 Ne5 27. Qb1 d3 28.
Qb4 Qc7 29. exd3 Nf3 30. Be2 Nxg1 31. Bxh5 Nxh3 32. d4 f3 33. Nxf3 Nxf2+ 34. Ke2
Qc2+ 35. Nd2 Ne4 36. Bxf7 Bxf7 37. Ke3 Nxd2 38. Rxb7+ Ka8 39. Ra7+ Kxa7 40. Qe7+
Ka6 0-1

[Event "AUTO-ELITE-890"]
[Site "http://www.queenalice.com/game.php?id=1096084"]
[Date "2012.8.24"]
[Round "2"]
[White "Chandra"]
[Black "jjlamanga"]
[Result "1-0"]
[WhiteElo "2607"]
[BlackElo "2395"]

1. e4 c6 2. d4 d5 3. exd5 cxd5 4. Nf3 Nf6 5. c4 Nc6 6. Nc3 Bg4 7. Be2 dxc4 8. d5
Bxf3 9. Bxf3 Ne5 10. O-O Qd7 11. Be2 b5 12. a4 b4 13. Qd4 Nd3 14. Nb5 a6 15.
Qxc4 axb5 16. Qxd3 bxa4 17. Qb5 Qxb5 18. Bxb5+ Kd8 19. Rd1 Ra5 20. Bc6 Kc7 21.
Rxa4 Rxa4 22. Bxa4 e5 23. dxe6 fxe6 24. Bf4+ Kb6 25. Rd8 Rg8 26. Rb8+ Kc5 27.
Rc8+ Kd4 28. Rd8+ Ke4 29. Be3 Ke5 30. Bd4+ Kf5 31. Bc2+ Kg5 32. Rc8 Kh5 33. f3
Nd5 34. Bxh7 Rh8 35. Be4 Nf6 36. Bd3 Nd5 37. g3 Rg8 38. Kg2 Kh6 39. Bc5 Bxc5 40.
Rxg8 Ne3+ 41. Kh3 Nd1 42. Bc2 Ne3 43. Bb1 Kg5 44. Rxg7+ Kf6 45. Rh7 Nd5 46. f4
Bd4 47. b3 Nc3 48. Bd3 Nd1 49. Kg2 e5 50. Rh6+ Kf7 51. fxe5 1-0

[Event "AUTO-ELITE-937"]
[Site "http://www.queenalice.com/game.php?id=1104649"]
[Date "2012.9.20"]
[Round "2"]
[White "kobra23"]
[Black "jjlamanga"]
[Result "0-1"]
[WhiteElo "2347"]
[BlackElo "2388"]

1. d4 e6 2. c4 Nf6 3. Nf3 Bb4+ 4. Nc3 b6 5. e3 Bxc3+ 6. bxc3 O-O 7. Bd3 Bb7 8.
O-O c5 9. Bb2 Be4 10. Bxe4 Nxe4 11. d5 f5 12. a4 Qc7 13. Qd3 e5 14. Qc2 d6 15.
Ne1 g6 16. f3 Nf6 17. e4 fxe4 18. fxe4 Nbd7 19. Nf3 h6 0-1

[Event "AUTO-ELITE-937"]
[Site "http://www.queenalice.com/game.php?id=1104650"]
[Date "2012.9.20"]
[Round "2"]
[White "jjlamanga"]
[Black "kobra23"]
[Result "1-0"]
[WhiteElo "2399"]
[BlackElo "2336"]

1. d4 d5 2. c4 dxc4 3. Nf3 c6 4. e3 Be6 5. Nc3 b5 6. a4 b4 7. Na2 a5 8. Nd2 Nf6
9. Nxc4 g6 10. b3 Bg7 11. Bb2 O-O 12. Be2 Nbd7 13. Bf3 Bxc4 14. bxc4 Rc8 15. c5
e5 16. O-O Nd5 17. Qc2 Re8 18. Nc1 exd4 19. exd4 Nf8 20. g3 1-0

[Event "AUTO-ELITE-937"]
[Site "http://www.queenalice.com/game.php?id=1104651"]
[Date "2012.9.20"]
[Round "2"]
[White "merth"]
[Black "jjlamanga"]
[Result "1-0"]
[WhiteElo "2525"]
[BlackElo "2376"]

1. e4 c5 2. Nf3 d6 3. Nc3 e6 4. d4 cxd4 5. Nxd4 a6 6. Be2 Nf6 7. O-O Be7 8. Qd3
Nc6 9. Nxc6 bxc6 10. Qg3 O-O 11. h3 Kh8 12. a3 Qc7 13. Rd1 e5 14. f4 Nd7 15. Rf1
Rb8 16. b3 exf4 17. Bxf4 Ne5 18. Rad1 Be6 19. Na4 f6 20. Qe3 a5 21. Nc3 Qb6 22.
Qxb6 Rxb6 23. Rd4 Rbb8 24. Rfd1 Rfd8 25. Be3 Ra8 26. R4d2 g6 27. Na4 h5 28. Bb6
Re8 29. Rxd6 Bxd6 30. Rxd6 Kg7 31. Nc5 Bc8 32. a4 1-0

[Event "AUTO-ELITE-937"]
[Site "http://www.queenalice.com/game.php?id=1104652"]
[Date "2012.9.20"]
[Round "2"]
[White "jjlamanga"]
[Black "merth"]
[Result "0-1"]
[WhiteElo "2368"]
[BlackElo "2530"]

1. d4 Nf6 2. e3 g6 3. Bd3 c5 4. Nf3 Bg7 5. O-O d5 6. dxc5 O-O 7. c3 a5 8. c4
dxc4 9. Bxc4 Nbd7 10. c6 bxc6 11. Qc2 Qc7 12. e4 a4 13. Na3 Nc5 14. Ng5 Ng4 15.
g3 Nb7 16. Be2 h6 17. Nf3 Nd6 18. h3 Ne5 19. Nxe5 Bxe5 20. Kg2 Be6 21. Bxh6 Rfb8
22. Bc1 Nxe4 23. Bf3 Rb4 24. Re1 f5 25. Bxe4 fxe4 26. Nb1 Qd7 27. Kh2 Kf7 28. f4
Bf6 29. Rd1 Rd4 30. Nc3 Rxd1 31. Nxd1 a3 0-1

[Event "edvz-2"]
[Site "http://www.queenalice.com/game.php?id=1112783"]
[Date "2012.10.15"]
[Round "2"]
[White "jjlamanga"]
[Black "trompmaster"]
[Result "0-1"]
[WhiteElo "2406"]
[BlackElo "2378"]

1. d4 g6 2. c4 Bg7 3. Nc3 c5 4. d5 Bxc3+ 5. bxc3 f5 6. Qb3 Qa5 7. Nf3 d6 8. Qb5+
Qxb5 9. cxb5 a6 10. b6 Nf6 11. c4 Nbd7 12. Rb1 a5 13. Ng5 Ra6 14. e3 Rxb6 15.
Rxb6 Nxb6 16. Bd2 h6 17. Ne6 Bxe6 18. dxe6 a4 19. Bd3 Na8 20. Ke2 O-O 21. Rb1
Rb8 22. h3 Nc7 23. g4 fxg4 0-1

[Event "AUTO-MASTER-1557"]
[Site "http://www.queenalice.com/game.php?id=1116661"]
[Date "2012.10.27"]
[Round "2"]
[White "BeHappy"]
[Black "jjlamanga"]
[Result "1-0"]
[WhiteElo "2556"]
[BlackElo "2355"]

1. d4 Nf6 2. g3 d5 3. Bg2 e6 4. Nf3 c5 5. O-O Nc6 6. c3 Be7 7. dxc5 Bxc5 8. Bf4
O-O 9. Bg5 h6 10. Bxf6 Qxf6 11. Nbd2 Rd8 12. e4 d4 13. cxd4 Bxd4 14. Qb3 1-0

[Event "AUTO-MASTER-1557"]
[Site "http://www.queenalice.com/game.php?id=1116662"]
[Date "2012.10.27"]
[Round "2"]
[White "jjlamanga"]
[Black "BeHappy"]
[Result "0-1"]
[WhiteElo "2361"]
[BlackElo "2552"]

1. d4 Nf6 2. c4 g6 3. Nc3 Bg7 4. e4 d6 5. Nf3 O-O 6. Be2 c6 7. O-O Nbd7 8. h3 e5
9. d5 Nc5 10. Qc2 a5 11. Be3 cxd5 12. cxd5 b6 13. Nd2 Qc7 0-1